[Event "Ljubljana op 16th"]
[Site "Ljubljana"]
[Date "2005.07.10"]
[Round "2"]
[White "Jankovic, Alojzije"]
[Black "Nedimovic, Ljubisa"]
[Result "1-0"]
[WhiteElo "2475"]
[BlackElo "2217"]
[PlyCount "97"]
[EventDate "2005.07.09"]
[EventType "swiss"]
[EventRounds "9"]
[EventCountry "SLO"]
[SourceTitle "CBM 107 Extra"]
[Source "ChessBase"]
[SourceDate "2005.09.01"]
[SourceVersion "1"]
[SourceVersionDate "2005.09.01"]
[SourceQuality "1"]

1. c4 c6 2. e4 d5 3. exd5 cxd5 4. cxd5 Qxd5 5. Nc3 Qd8 6. d4 Nf6 7. Nf3 e6 8. Bd3 Be7 9. 0-0 0-0 10. Re1 Nbd7 11. Bg5 Nd5 12. h4 Nxc3 13. bxc3 h6 14. Bf4 Re8 15. h5 Qa5 16. Ne5 Nxe5 17. Bxe5 Bf8 18. Qf3 Bd7 19. Qxb7 Qxc3 20. Be4 Rad8 21. Qxa7 Qa3 22. Qxa3 Bxa3 23. Re3 Be7 24. a4 Rc8 25. Bb7 Rc4 26. a5 f6 27. a6 fxe5 28. a7 exd4 29. Rf3 Bf6 30. a8Q Rxa8 31. Rxa8+ Kf7 32. Be4 Ke7 33. Ra7 Kd6 34. Rb3 Rc1+ 35. Kh2 Be8 36. f4 Bc6 37. Rb6 Bd8 38. Rxc6+ Rxc6 39. Bxc6 Kxc6 40. Kg3 Bf6 41. Kf3 Kd5 42. Ra5+ Kc4 43. Ra7 e5 44. fxe5 Bxe5 45. Ke4 Bf6 46. Rc7+ Kb3 47. Rc6 Kb2 48. Rxf6 gxf6 49. Kxd4 1-0

[Event "Pula op 19th"]
[Site "Pula"]
[Date "2005.06.22"]
[Round "5"]
[White "Tratar, Marko"]
[Black "Nedimovic, Ljubisa"]
[Result "1-0"]
[WhiteElo "2417"]
[BlackElo "2212"]
[PlyCount "53"]
[EventDate "2005.06.19"]
[EventType "swiss"]
[EventRounds "9"]
[EventCountry "CRO"]
[SourceTitle "CBM 106 Extra"]
[Source "ChessBase"]
[SourceDate "2005.07.01"]
[SourceVersion "1"]
[SourceVersionDate "2005.07.01"]
[SourceQuality "1"]

1. Nf3 d5 2. d4 Nf6 3. c4 c6 4. e3 a6 5. Bd2 e6 6. Nc3 Bd6 7. Qc2 0-0 8. e4 dxe4 9. Nxe4 Nxe4 10. Qxe4 Nd7 11. Bd3 g6 12. 0-0-0 Re8 13. Bc3 Bf8 14. Bc2 Bg7 15. h4 Nf6 16. Qe2 Qc7 17. Ne5 b6 18. g4 c5 19. dxc5 bxc5 20. h5 Bb7 21. hxg6 fxg6 22. g5 Nh5 23. Rxh5 gxh5 24. Rd7 Bxe5 25. Qxe5 Qxe5 26. Bxe5 Bg2 27. Bxh7+ 1-0

[Event "Pula op 19th"]
[Site "Pula"]
[Date "2005.06.20"]
[Round "2"]
[White "Nedimovic, Ljubisa"]
[Black "Rogic, Davor"]
[Result "0-1"]
[WhiteElo "2212"]
[BlackElo "2499"]
[PlyCount "74"]
[EventDate "2005.06.19"]
[EventType "swiss"]
[EventRounds "9"]
[EventCountry "CRO"]
[SourceTitle "CBM 106 Extra"]
[Source "ChessBase"]
[SourceDate "2005.07.01"]
[SourceVersion "1"]
[SourceVersionDate "2005.07.01"]
[SourceQuality "1"]

1. f4 d5 2. Nf3 g6 3. e3 Bg7 4. c4 Nf6 5. Nc3 0-0 6. Qb3 e6 7. cxd5 exd5 8. d4 c6 9. Bd3 Nbd7 10. 0-0 Qe7 11. Ne5 Re8 12. Bd2 Nf8 13. Rae1 Be6 14. Na4 Ne4 15. Qc2 f6 16. Nf3 Bf7 17. b4 Nd7 18. Re2 Nb6 19. Nc5 Nc8 20. Rc1 Ncd6 21. Be1 b6 22. Nb3 Rac8 23. Nfd2 Bf8 24. Bxe4 dxe4 25. Nb1 Bc4 26. Rf2 Bd3 27. Qd1 Nc4 28. Bd2 Nb2 29. Qe1 Ba6 30. a3 Nd3 31. Qd1 Qe6 32. Be1 Red8 33. Rc3 Nxf2 34. Bxf2 c5 35. bxc5 Bxc5 36. h3 Be7 37. N3d2 Bd3 0-1